Drapeaux des pays les plus devinés sur JetPunk - Statistiques

Statistiques générales
  • Ce quiz a été pris 263 fois
  • Le résultat moyen est 16 sur 16
Statistiques - réponses
Par images Réponse % Correct
Allemagne
100%
Brésil
100%
Canada
100%
Chine
100%
Espagne
100%
Etats-Unis
100%
France
100%
Japon
100%
Italie
99%
Maroc
99%
Portugal
99%
Suisse
99%
Australie
98%
Russie
98%
Inde
97%
Mexique
96%
Aucun quiz correspondant
Distribution des résultats
% des personnes avec chaque résultat
Percentile par nombre de réponses
Votre historique - résultats
Vous n’avez pas pris ce quiz